000 00865nam a2200265 i 4500
001 10934
003 ES-MaACL
005 20260115175526.0
007 t|
008 940104s1993 sp ||||0| cat j
020 _a84-7533-955-7
040 _aM-BN
_bspa
_cM-BN
080 _a849.9-821"19"
100 1 _aOliver, Joan,
_d1899-1986
_986815
245 1 0 _aAntologia /
_cJoan Oliver ; edició a cura de Lluís Busquets i Grabulosa.
250 _a1ª ed.
260 _aBarcelona :
_bBarcanova,
_c1993.
300 _a299 p :
_bil ;
_c21 cm.
490 1 _aBiblioteca didáctica de literatura catalana ;
_v36
504 _aBibliografía: P. 284-293.
700 1 _aBusquets i Grabulosa, Lluís.
_932849
830 0 _aBiblioteca didáctica de literatura catalana
_v36
_9178889
852 _aES-MaACL
_jL-18297
_bR.123422
999 _c10934
_d10934